000 01076cab a2200205 4500
001 ABS44495
008 090401t1991 xxu||||| |||| 00| 0 eng d
035 _a(Sirsi) u47492
041 _aeng
100 _aMugurian, G.H.
245 4 _aThe new civil engineering contract
260 _c1991
350 _a0
490 _aCivil Engineering Surveyor
_v16(4) May 1991, 18-20(3)
520 _aTo justify the publication of a new engineering contract , the article describes the eclectic origins and development of the ICE Standard Conditions of Contract , suggesting a fresh approach is needed. It then introduces the new contract and describes the contents of the 10 volumes available. The authors`s comments on particular aspects are enumerated with an attempt to analyse strengths and weaknesses. The conclusion conveys the author`s favourable response to the reform, and pays tribute to the thought and innovation of the compilers.
650 _aCIVIL ENGINEERING CONTRACTS
690 _aBUILT ENVIRONMENT-BUILDING CONTRACT FORMS
942 _n0
948 _c04/03/1997
999 _c29951
_d29951